FIFA 23 PLAYERS COUNTRIES - Statistics

General Stats
  • This quiz has been taken 54 times
  • The average score is 39 of 50
Answer Stats
Hint Answer % Correct
Riyad Mahrez Algeria
98%
Kieran Tierney Scotland
98%
Péter Gulácsi Hungary
90%
Séamus Coleman Ireland
90%
Dani Olmo Spain
88%
Çağlar Söyüncü Turkey
88%
Timothy Weah USA
88%
Marcel Sabitzer Austria
86%
Claudio Bravo Chile
86%
Tomáš Souček Czech Republic
86%
Jari Litmanen Finland
86%
Karim Adeyemi Germany
86%
Mohammed Kudus Ghana
86%
Kelechi Iheanacho Nigeria
86%
Arkadiusz Milik Poland
86%
Alexandr Golovin Russia
86%
Alexander Isak Sweden
86%
Manuel Akanji Switzerland
86%
Ian Rush Wales
86%
Jonathan David Canada
84%
Donyell Malen Netherlands
84%
Henrikh Mkhitaryan Armenia
82%
André Onana Cameroon
82%
Keylor Navas Costa Rica
82%
Noussair Mazraoui Morocco
82%
George Best Northern Ireland
82%
Viktor Tsygankov Ukraine
82%
Mathew Ryan Australia
80%
Nicolas Pépé Ivory Coast
80%
Alexander Sørloth Norway
80%
Filip Kostić Serbia
80%
Ronald Araujo Uruguay
80%
Luis Muriel Columbia
78%
Martin Braithwaite Denmark
78%
Marek Hamšík Slovakia
78%
Hristo Stoichkov Bulgaria
76%
Kevin Kampl Slovenia
76%
Pervis Estupiñán Ecuador
74%
Rafael Márquez Mexico
74%
Gheorghe Hagi Romania
74%
Sead Kolašinac Bosnia and Herzegovina
70%
Idrissa Gueye Senegal
70%
Sardar Azmoun Iran
68%
Ritsu Doan Japan
64%
Naby Keïta Guinea
62%
Ellyes Skhiri Tunisia
58%
Yves Bissouma Mali
56%
Stevan Jovetić Montenegro
56%
Edmond Tapsoba Burkina Faso
46%
Andre Blake Jamaica
46%
No matching quizzes found
Score Distribution
Percent of People with Each Score
Percentile by Number Answered
Your Score History
You have not taken this quiz